|
|
|
|
| LEADER |
00000nam0a2200000 4500 |
| 001 |
312369 |
| 005 |
20231102002459.0 |
| 035 |
|
|
|a (RuTPU)RU\TPU\book\337737
|
| 090 |
|
|
|a 312369
|
| 100 |
|
|
|a 20151221d1981 m y0rusy50 ca
|
| 101 |
0 |
|
|a rus
|
| 102 |
|
|
|a RU
|
| 105 |
|
|
|a a j 001zy
|
| 200 |
1 |
|
|a Расчет осевых сил, действующих в турбомашинах
|e учебное пособие
|f А. И. Белоусов, А. И. Иванов
|g Куйбышевский авиационный институт им. С. П. Королева
|
| 210 |
|
|
|a Куйбышев
|c Изд-во КуАИ
|d 1981
|
| 215 |
|
|
|a 84 с.
|c ил.
|
| 320 |
|
|
|a Библиогр.: с. 75-77
|
| 606 |
1 |
|
|a Авиационные турбины
|2 stltpush
|3 (RuTPU)RU\TPU\subj\496
|9 29404
|
| 610 |
1 |
|
|a потоки
|
| 610 |
1 |
|
|a сплошные среды
|
| 610 |
1 |
|
|a гидродинамика
|
| 610 |
1 |
|
|a осевые силы
|
| 610 |
1 |
|
|a расчеты
|
| 610 |
1 |
|
|a турбомашины
|
| 610 |
1 |
|
|a осевые компрессоры
|
| 610 |
1 |
|
|a радиальные турбины
|
| 610 |
1 |
|
|a опоры
|
| 610 |
1 |
|
|a разгрузка
|
| 610 |
1 |
|
|a оптимизация
|
| 610 |
1 |
|
|a учебные пособия
|
| 675 |
|
|
|a 621.431.75-8
|v 4
|
| 700 |
|
1 |
|a Белоусов
|b А. И.
|g Анатолий Иванович
|
| 701 |
|
1 |
|a Иванов
|b А. И.
|g Александр Иванович
|
| 712 |
0 |
2 |
|a Куйбышевский авиационный институт им. С. П. Королева
|c (1969-1992)
|2 stltpush
|3 (RuTPU)RU\TPU\col\8161
|9 24490
|
| 801 |
|
1 |
|a RU
|b 63413507
|c 20151221
|
| 801 |
|
2 |
|a RU
|b 63413507
|c 20181003
|g RCR
|
| 942 |
|
|
|c BK
|